Benefactor of humanity : (Record no. 125220)

MARC details
000 -LEADER
fixed length control field 00741nam a22002417a 4500
005 - DATE AND TIME OF LATEST TRANSACTION
control field 20170124105950.0
010 ## - LIBRARY OF CONGRESS CONTROL NUMBER
LC control number B-226827
020 ## - INTERNATIONAL STANDARD BOOK NUMBER
Terms of availability 250.00
International Standard Book Number 818832806
035 ## - SYSTEM CONTROL NUMBER
System control number B-226827
037 ## - SOURCE OF ACQUISITION
Source of stock number/acquisition Cen Lib/Ret
040 ## - CATALOGING SOURCE
Original cataloging agency DPL
Language of cataloging EN
082 ## - DEWEY DECIMAL CLASSIFICATION NUMBER
Classification number 250.33
Item number TIW
100 ## - MAIN ENTRY--PERSONAL NAME
Personal name Tiwari,Arun K.
9 (RLIN) 73580
245 ## - TITLE STATEMENT
Title Benefactor of humanity :
Statement of responsibility, etc by Arun K.Tiwari [and] Kyaw Myint
Remainder of title the life and thought of Gautam Bauddha /
260 ## - PUBLICATION, DISTRIBUTION, ETC. (IMPRINT)
Place of publication, distribution, etc New Delhi
Name of publisher, distributor, etc Ocean books pvt.
Date of publication, distribution, etc 2006
270 ## - ADDRESS
Address 4/19,Asaf Ali road
City New Delhi
Postal code 110002
300 ## - PHYSICAL DESCRIPTION
Extent 215p.
Dimensions 21cm(Hb)
500 ## - GENERAL NOTE
General note Includes notes
650 ## - SUBJECT ADDED ENTRY--TOPICAL TERM
Topical term or geographic name as entry element Buddhism
9 (RLIN) 1068
650 ## - SUBJECT ADDED ENTRY--TOPICAL TERM
Topical term or geographic name as entry element Buddha (The concept)
9 (RLIN) 13080
700 ## - ADDED ENTRY--PERSONAL NAME
Personal name Myint,Kyaw
9 (RLIN) 73581
942 ## - ADDED ENTRY ELEMENTS (KOHA)
Source of classification or shelving scheme Dewey Decimal Classification
Koha item type English Books
Classification part 250.33
Call number suffix TIW
Holdings
Withdrawn status Lost status Damaged status Not for loan Home library Current library Date acquired Source of acquisition Cost, normal purchase price Total Checkouts Total Renewals Full call number Barcode Date last seen Date checked out Copy number Cost, replacement price Price effective from Koha item type Source of classification or shelving scheme Collection code
        Central Library Central Library 20/06/2015 Cen Lib/Ret 250.00 2 2 250.33 TIW B-226827 23/10/2019 25/09/2019 1 250.00 20/06/2015 English Books    
        Sarojini Nagar Sarojini Nagar 28/10/2024   250.00 1   250.33 TIW B-226842 28/10/2024 28/10/2024   250.00 28/10/2024 English Books Dewey Decimal Classification Non-fiction

© Delhi Public Library
Hit Counter
free hit counter